[Event "IECC M email"]
[Site "IECC email"]
[Date "2000.01.24"]
[Round "?"]
[White "Cashon, John J"]
[Black "Rasmussen, Ken Lentz"]
[Result "1-0"]
[WhiteElo "1940"]
[BlackElo "2020"]
[PlyCount "67"]
[EventDate "2000.??.??"]
[EventType "tourn (corr)"]
[EventRounds "2"]
[SourceTitle "Corr 2008"]
[Source "ChessBase"]
[SourceDate "2008.06.24"]
[SourceVersion "1"]
[SourceVersionDate "2008.06.24"]
[SourceQuality "1"]

1. e4 c5 2. Nf3 d6 3. d4 cxd4 4. Nxd4 Nf6 5. Nc3 g6 6. Be3 Bg7 7. f3 Nc6 8. Qd2 0-0 9. Bc4 Bd7 10. Nxc6 bxc6 11. 0-0-0 Qa5 12. Ne2 Qc7 13. Kb1 d5 14. exd5 cxd5 15. Bb3 a5 16. Nc3 Rab8 17. Rhe1 a4 18. Bf4 Qc5 19. Bxb8 Rxb8 20. Nxd5 axb3 21. axb3 Ra8 22. Qb4 Qxb4 23. Nxb4 e6 24. Nd3 Rc8 25. c4 Be8 26. g3 Nd7 27. f4 Kf8 28. Re2 Bf6 29. Rc1 Nb6 30. Nb4 Be7 31. Na2 Bc6 32. Nc3 Nd7 33. Kc2 Rb8 34. Ra1 1-0